ნორმალური ფორმატი
MARC ფორმატი
ჩანაწერი Personal Name
ჩანაწერთა რაოდენობა, რომელიც გამოყენებულია: 2
001 - CONTROL NUMBER
- control field: 24119
003 - CONTROL NUMBER IDENTIFIER
- control field: GE_BSU
005 - DATE AND TIME OF LATEST TRANSACTION
- control field: 20250127105836.0
008 - FIXED-LENGTH DATA ELEMENTS
- fixed length control field: 250127|| aca||aabn | a|a d
040 ## - CATALOGING SOURCE
- Original cataloging agency: GE_BSU
- Transcribing agency: GE_BSU
100 ## - HEADING--PERSONAL NAME
- Personal name: ხალვაში, ნელი
670 ## - SOURCE DATA FOUND
- Source citation: Work cat.: (GE_BSU)51592: ბარათაშვილი, დავით. 1718, ნარინჯოვანთა ბიოლოგიური მრავალფეროვნება და გენეტიკური რესურსები საქართველოში /
